| 000 | 01324nac a22003371u 4500 | ||
|---|---|---|---|
| 003 | EG-ScBUE | ||
| 005 | 20220605124236.0 | ||
| 008 | 200219t2006 maua f b 001 0 eng d | ||
| 020 | _a0205443265 | ||
| 040 |
_aEG-ScBUE _beng _erda _dEG-ScBUE _cEG-ScBUE |
||
| 082 | 0 | 4 |
_a428.4 _bGUN _222 |
| 100 | 1 |
_aGunning, Thomas G., _eauthor. |
|
| 245 | 1 | 0 |
_aAssessing and correcting reading and writing difficulties / _cThomas G. Gunning, professor emeritus, Southern Connecticut State University, adjunct professor, Central Connecticut State University. |
| 250 | _aThird edition. | ||
| 264 | 1 |
_aBoston, MA : _bPearson Education, Inc., _c[2006] |
|
| 264 | 4 | _cc2006 | |
| 300 |
_axv, 624 pages : _billustrations ; _c25 cm |
||
| 336 |
_2rdacontent _atext _btxt |
||
| 337 |
_2rdamedia _aunmediated _bn |
||
| 338 |
_2rdacarrier _avolume _bnc |
||
| 504 | _aIncludes bibliographical references and index. | ||
| 650 | 7 |
_aReading disability _xEvaluation. _2BUEsh |
|
| 650 | 7 |
_aReading _xAbility testing. _2BUEsh |
|
| 650 | 7 |
_aReading _xRemedial teaching. _2BUEsh |
|
| 650 | 7 |
_aEnglish language _xComposition and exercises _xAbility testing. _2BUEsh |
|
| 650 | 7 |
_aEnglish language _xComposition and exercises _xStudy and teaching. _2BUEsh |
|
| 651 | _2BUEsh | ||
| 653 | _bHHUUEENN | ||
| 655 |
_vReading book _934232 |
||
| 942 |
_cBB _2ddc |
||
| 999 |
_c2198 _d2198 |
||